000 00438nam a2200157 i 4500
001 61675
003 ES-MaACL
005 20230906164522.0
007 t|
008 031113s1971 sp ||||1| spa d
100 1 _aFagoaga, Isidoro de.
_948627
245 1 3 _aEl teatro por dentro /
_cpor Isidoro de Fagoaga.
260 _aBilbao :
_bGran Enciclopedia Vasca,
_c1971.
300 _a271 p. ;
_c19 cm.
852 _aES-MaACL
_jC-39270
_bR.77997
999 _c61675
_d61675